| 000 | 00637nam a2200205 i 4500 | ||
|---|---|---|---|
| 001 | 177337 | ||
| 003 | ES-MaACL | ||
| 005 | 20230906220315.0 | ||
| 008 | 110316s1924 sp |||| | spa d | ||
| 080 | _a821.134.2-32"19" | ||
| 100 | 1 |
_aEspina, Concha, _d1869-1955 _947834 |
|
| 245 | 1 | 0 |
_aTierras del Aquilón / _cConcha Espina. |
| 260 |
_aMadrid : _bRenacimiento, _c1924. |
||
| 300 |
_a206 p. ; _c19 cm. |
||
| 490 | 1 | _aBiblioteca Renacimiento | |
| 500 | _aEn port.: Premio Castillo de Chirel de la Real Academia Española. | ||
| 830 | 0 |
_aBiblioteca Renacimiento _9176448 |
|
| 852 |
_aES-MaACL _jG-10516 |
||
| 999 |
_c177337 _d177337 |
||